| 000 | 00647nam a2200217 a 4500 | ||
|---|---|---|---|
| 001 | 778 | ||
| 003 | CDMR | ||
| 005 | 20131210134057.0 | ||
| 008 | 130130s1990||||||||||||||||||||||||||||d | ||
| 020 | _a8473064232 | ||
| 040 |
_aCDMR _bcat _cCDMR |
||
| 100 | 1 |
_aFuentes i Pujol, Maria Eulàlia _9606 |
|
| 245 | 1 | 0 |
_aDocumentació, telecomunicacions i informàtica _b: la teledocumentació _cM. Eulàlia Fuentes i Pujol |
| 260 |
_aBarcelona _c1990 _bPòrtic |
||
| 300 |
_a118 p ; _c21 cm |
||
| 490 | 0 |
_aPòrtic/Media _v2 |
|
| 650 | 0 | 4 |
_94491 _aInformàtica |
| 650 | 0 | 4 |
_92605 _aDocumentació |
| 650 | 0 | 4 |
_93364 _aTecnologia de la informació |
| 942 |
_cMON _2udc |
||
| 999 |
_c778 _d778 |
||